000 00898nam a2200265Ia 4500
001 Z_3431
003 CHAP
008 220113s2000 xx 000 0 und d
010 _a166552
040 _cCHAP
090 _aTesis G 1483
100 _aGarcía Uriza, Gustavo Adolfo Alejandro
_946688
245 _aElaboración de un sistema de experimentos de cátedra para la asignatura fisicoquímica en la Especialidad de Zootecnia /
_cpor Gustavo Adolfo Alejandro García Uriza
260 _aCamagüey, Cuba :
_bEl autor,
_c2000
300 _a105 h. : cuads., gráfs.
502 _aTesis (Master en Ciencias de Enseñanza de la Química) -- Universidad de Camagüey, Cuba.
650 _aGanadería
_xEstudio y enseñanza
_944733
650 _aGanadería
_xPlanes de estudio
_944836
901 _aTESIS G 1483
902 _aM
910 _a2000
942 _c2
942 _c2
999 _c166552
_d166552